000 00790nam a2200217Ia 4500
003 GCL
008 140319s9999 xx 000 0 ara d
040 _aGCL /
_cGCL
082 0 4 _aد
_b050
100 1 _aبونيه ألآن
245 1 0 _aالذكاء الاصطناعى واقعه ومستقبله (عالم المعرفة 172) /
_cبونيه ألآن
700 1 _aعلى صبرى فرغلى (مترجم)
260 _a[S.N] :
_bالمجلس الوطنى للثقافة والفنون والاداب ،
_c1993
300 _a366 ص
490 _aعالم المعرفة
_v0
650 0 4 _aالحاسبات الالكترونية
650 0 4 _aالاتصالات
650 0 4 _aالاتصالات الالكترونية
650 0 4 _aنظرية المعلومات
942 _2ddc
_cBK
999 _c35794
_d35794